000 00440nam a2200193Ia 4500
005 20240823035318.0
008 240823s9999||||xx |||||||||||||| ||und||
020 _a978-0-718-15980-1
041 _aENGLISH
082 _A813.6 Q3
100 _aPaul Christopher
245 0 _aRed Templar
250 _a1st
260 _c2013
_b"Penguin Books,En"
500 _aYES
650 _aRed Templar
_bGeneral
942 _cBK
999 _c200384
_d200384